000 01467nam a2200385 c 4500
003 BLK
005 20241015091929.0
008 180911b bul|||||r ||||||| ||bul||
010 _a001225
040 _aBLK
041 _aBUL
_cBUL
080 _z821.163.2-32
_aБългарска литература
_b821.163.2
_x-32
100 1 _aКаралийчев, Ангел Иванов
_d1902-1972
_976702
245 0 0 _aРъж
246 _pепос-разкази
260 _aСофия
_c1925
_fПлевен : Изгрев
300 _a64 с
_c19 см
380 _a82
490 _aБиблиотека Нов път
490 _aЧастна колекция - Академик Михаил Арнаудов
_gДарение - Основен фонд
500 _aАвтограф с текст: На Г-н Мих. Арнаудов : спомен. Ангел Каралийчев София 15 март 1925 (инв.№ 587415)
500 _aАвтограф с текст: На г-н Мих. Арнаудов спомен от А Каралийчев. София. дек. 1925 (инв.№ 588433)
650 _aПроза
_9167961
653 _aепос
653 _aразкази
655 _aбългарска литература
852 _aМА 520
_bМА
942 _cKNG
_n0
_s1
944 _aCR
_c1995
_lГеновева Генчева
_k30560
999 _c341595
_d341595
999 _d341595
999 _d341595
999 _d341595
999 _d341595
999 _d341595